David Ligare (Record no. 6888)

MARC details
000 - LÍDER
campo de control de longitud fija 00799nam a2200205Ia 4500
008 - ELEMENTOS DE DATOS DE LONGITUD FIJA - INFORMACIÓN GENERAL
campo de control de longitud fija 0000001978 usa 0000000000eng00
090 ## - NÚMERO DE LLAMADA DE TIPO LC LOCALMENTE ASIGNADO (OCLC)
Número de clasificación (OCLC) (R) PUS00 L33d
100 1# - ENTRADA PRINCIPAL - NOMBRE PERSONAL
Nombre de la persona Ligare, David
Fechas asociadas a un nombre 1945
245 10 - TÍTULO DECLARACIÓN
Título David Ligare
Resto del título : paintings and drawings
260 ## - PUBLICACIÓN, DISTRIBUCIÓN
Lugar de publicación New York : Andrew Crispo Gallery
Fecha de publicación 1978
300 ## - DESCRIPCIÓN FÍSICA
Alcance [32] p.
Dimensiones / 23 cm.
500 ## - NOTA GENERAL
Nota general Exposición realizada en Andrew Crispo Gallery, New York, Septiembre 23 octubre 14, 1978 \ Con el patronazgo del maestro venezolano Jesús Rafael Soto (q.e.p.d.) \
600 00 - ENTRADA DE SUJETO AÑADIDO - NOMBRE PERSONAL
Nombre de la persona LIGARE, DAVID, 1945/
Subdivisión general TRABAJOS PICTORICOS
650 14 - ENTRADA DE SUJETO AÑADIDO - TÉRMINO TÓPICO
Término tópico o elemento de entrada del nombre geográfico ARTE CONTEMPORANEO ESTADOUNIDENSE
650 14 - ENTRADA DE SUJETO AÑADIDO - TÉRMINO TÓPICO
Subdivisión general CATALOGOS
650 14 - ENTRADA DE SUJETO AÑADIDO - TÉRMINO TÓPICO
Término tópico o elemento de entrada del nombre geográfico DIBUJOS ESTADOUNIDENSES
650 14 - ENTRADA DE SUJETO AÑADIDO - TÉRMINO TÓPICO
Subdivisión general EXPOSICIONES
650 14 - ENTRADA DE SUJETO AÑADIDO - TÉRMINO TÓPICO
Término tópico o elemento de entrada del nombre geográfico PINTORES ESTADOUNIDENSES
650 14 - ENTRADA DE SUJETO AÑADIDO - TÉRMINO TÓPICO
Término tópico o elemento de entrada del nombre geográfico PINTURA ESTADOUNIDENSE
Holdings
Estado de retirada Pérdida de estatus Estado dañado No para préstamo Código de recogida Ubicación permanente Ubicación actual Ubicación de las estanterías Fecha de adquisición Número de llamada completo Código de barras Fecha de la última vez que se vio Número de copia Precio efectivo desde Tipo de artículo Koha
        General ArtNexus ArtNexus General 06/09/2022 P-US-00 L33D 6892 06/09/2022 Ej.1 06/09/2022 Libro

Powered by Koha